Statistics for TV shows from Characters

Click here to take the quiz!

General Stats

  • This quiz has been taken 455 times
  • The average score is 20 of 72

Answer Stats

CharactersTV Show% Correct
Rachel, Phoebe, Monica, Joey, ChandlerFriends
90%
Penny, Leonard, Sheldon, HowardThe Big Bang Theory
80%
Buffy, Willow, Xander, Spike, DawnBuffy the Vampire Slayer
75%
Stinson, Mosby, Eriksen, ScherbatskyHow I Met Your Mother
60%
Snow White, Evil Queen, Prince CharmingOnce Upon a Time
60%
Grey, Yang, Shepherd, Karev, AveryGrey's Anatomy
56%
Jay, Gloria, Claire, Manny, Phil, CameronModern Family
56%
Serena, Blair, Chuck, NateGossip Girl
55%
Lorelai, Rory, DeanGilmore Girls
54%
Castle, Beckett, Flynn, MulqueenCastle
53%
Mulder, Scully, SkinnerThe X-Files
53%
Ned, Catelyn, Cersei, TyrionGame of Thrones
52%
Rachel, Kurt, Will, Finn, SueGlee
51%
Elena, Stefan, DamonThe Vampire Diaries
51%
Jack, Kate, Sawyer, Hurley, SayidLost
50%
White, Pinkman, Fring, SchraderBreaking Bad
48%
Emily, Hanna, Spencer, AriaPretty Little Liars
48%
Sam, Dean, Bobby, CastielSupernatural
48%
Clark, Lana, LexSmallville
44%
Rick, Shane, Lori, Daryl, CarolThe Walking Dead
44%
Angel, Wesley, Charles, CordeliaAngel
43%
Susan, Lynette, Bree, GabrielleDesperate Housewives
42%
Booth, Brennan, HodginsBones
38%
House, Foreman, WilsonHouse M.D.
38%
Sookie, Bill, Eric, Sam, JasonTrue Blood
38%
Stiles, Derek, ScottTeen Wolf
37%
Piper, Alex, Red, PornstacheOrange is the New Black
33%
Spartacus, Crixus, Gannicus, AgronSpartacus: Blood and Sand
32%
Draper, Olson, Campbell, SterlingMad Men
30%
Burrows, Scofield, Sucre, Bagwell, TancrediPrison Break
29%
Oliver, Thea, Laurel, RoyArrow
28%
Noah, Claire, Peter, Hiro, MohinderHeroes
27%
Michael, Lindsay, GobArrested Development
23%
Morgan, Batista, LaGuerta, QuinnDexter
23%
Graham, Lector, BloomHannibal
21%
Fiona, Frank, Steve, Karl, VeronicaShameless
21%
Jack, Chloe, Tony, Kim24
20%
Mary, Edith, Sybil, Matthew, BransonDownton Abbey
20%
Underwood, Gallagher, Barnes, StamperHouse of Cards
20%
Jax, Gemma, Tig, ChibsSons of Anarchy
20%
Specter, Ross, ZaneSuits
20%
Ward, Coulson, Fitz, SimmonsAgents of S.H.I.E.L.D
19%
Betty, Daniel, Ignacio, HildaUgly Betty
19%
Kit, Sister Mary Eunice, Sister Jude, LanaAmerican Horror Story
18%
Carter, Weaver, Marquez, Lockhart, KovacER
18%
Jane, Lisbon, ChoThe Mentalist
18%
Pope, Wright, Whelan, PerkinsScandal
17%
Norman, Norma, Dylan, ShelbyBates Motel
14%
Mal, Zoe, Wash, River, KayleeFirefly
14%
Olivia, Peter, Astrid, Walter, NinaFringe
14%
Eric, Vincent, Drama, TurtleEntourage
12%
Reese, Finch, Fusco, RootPerson of Interest
12%
Thorne, Clarke, Grayson, Porter, RossRevenge
12%
Carrie, Nicholas, Jessica, Mike, SaulHomeland
10%
Sarah, Katja, Cosima, Allison, BethOrphan Black
10%
Cesare, Pope Alexander, Lucrezia, JuanThe Borgias
10%
Henry, Anne, Catherine, CharlesThe Tudors
10%
Nucky, Margaret, Eli, Lucy, RosettiBoardwalk Empire
9%
Burkhardt, Griffin, SilvertonGrimm
8%
Echo, Victor, SierraDollhouse
6%
Bo, Kenzi, Dyson, TrickLost Girl
6%
Hank, Karen, Becca, Charlie, MarcyCalifornication
5%
Jackie, Zoey, Eddie, FitchNurse Jackie
5%
Stonem, Miles, Ainsworth, JenkinsSkins
5%
Roman, Peter, Letha, Norman, OliviaHemlock Grove
4%
Bill, Barb, Nicolette, MargeneBig Love
3%
Charlie, Danny, Miles, Nate, TomRevolution
3%
Holder, Linden, LarsenThe Killing
3%
McAvoy, McHale, Harper, JordanThe Newsroom
3%
Bridget, Henry, Andrew, Victor, JulietRinger
2%
Van Veen, Martin, Leonard666 Park Avenue
1%
Callahan, Payne, JimenezMercy
1%

Score Distribution

Percentile by Number Answered

Percent of People with Each Score

Your Score History

You have not taken this quiz